000 nam a22 a 4500
999 _c1182
_d1182
005 20170508150251.0
008 170508b1989 M ||||| |||| 00| 0 eng d
040 _aAKMAL
082 _a297.38 JAR
090 _a297.38
_bJAR
245 _aAMALAN ULAMA BESAR
_cABDULLAH BIN JARULLAH BIN IBRAHIM AL-JARULLAH
260 _aMALAYSIA
_bPUSTAKA JASMIN
_c1989
300 _a53ms,;
_c20 cm
942 _2ddc
_cBOOK